00910nam a22002177a 4500999001900000005001700019010001300036020002600049035001200075037001600087082001000103245014100113246008600254260005300340270005900393300002100452700002200473700003500495942002900530952013300559 c194223d19422320221209165421.0 aUR-11787 a9789392496196c350.00 aU-10342 bDBAD/PUBa- a840.8 aمکتب و محراب کا مثا لی پا سبان /cمرتب - واسع احمد اور مصطفئ علی سروریhا ر د و aMaktab Wa Mehrab Ka Misali Pasban /bed. by Wasey Ahmed [and] Mustafa Ali Sarwari aNew DelhibEducational Publishing Housec2021 ء aH.o. D1/16, Ansari Road, Darya GanjbNew Delhie110002 a310 صc23cm(Hb) aواسع احمد aمصطفئ علی سروری 2ddccURh840.8mم ک ت 001040708NFICaLbLd2022-12-09eDBAD/PUBg350.00l0o840.8 م ک تpU-10342r2022-12-09 00:00:00t1v350.00w2022-12-09yUR